|
|
|
|
| LEADER |
03400nam a22003853i 4500 |
| 001 |
EBC30686049 |
| 003 |
MiAaPQ |
| 005 |
20231204023231.0 |
| 006 |
m o d | |
| 007 |
cr cnu|||||||| |
| 008 |
231204s2011 xx o ||||0 eng d |
| 020 |
|
|
|a 9783631753941
|q (electronic bk.)
|
| 020 |
|
|
|z 9783631612224
|
| 035 |
|
|
|a (MiAaPQ)EBC30686049
|
| 035 |
|
|
|a (Au-PeEL)EBL30686049
|
| 035 |
|
|
|a (OCoLC)1229680230
|
| 040 |
|
|
|a MiAaPQ
|b eng
|e rda
|e pn
|c MiAaPQ
|d MiAaPQ
|
| 100 |
1 |
|
|a Arikan, Emel.
|
| 245 |
1 |
0 |
|a Single Period Inventory Control and Pricing :
|b An Empirical and Analytical Study of a Generalized Model.
|
| 250 |
|
|
|a 1st ed.
|
| 264 |
|
1 |
|a Frankfurt a.M. :
|b Peter Lang GmbH, Internationaler Verlag der Wissenschaften,
|c 2011.
|
| 264 |
|
4 |
|c Ã2011.
|
| 300 |
|
|
|a 1 online resource (122 pages)
|
| 336 |
|
|
|a text
|b txt
|2 rdacontent
|
| 337 |
|
|
|a computer
|b c
|2 rdamedia
|
| 338 |
|
|
|a online resource
|b cr
|2 rdacarrier
|
| 490 |
1 |
|
|a Forschungsergebnisse der Wirtschaftsuniversitaet Wien Series ;
|v v.43
|
| 505 |
0 |
|
|a Cover -- 1 Introduction -- 1.1 Joint Pricing and Inventory Control -- 1.2 Research Focus -- 1.3 Structure of the Thesis -- 1.4 Notation and Conventions -- 2 A Review of the Newsvendor Model -- 2.1 Price-taking newsvendor model -- 2.2 Price-setting newsvendor model -- 2.2.1 Modelling demand with additive and multiplicative uncertainty -- 2.2.2 Maximizing the expected profit -- 2.2.3 Optimal price -- 3 An Empirical Study -- 3.1 Description of the data -- 3.2 Demand estimation -- 3.2.1 Detrending demand data -- 3.2.2 Estimating the additive and the multiplicative models -- 3.3 Selection among the additive and the multiplicative models -- 3.3.1 A formal test for model selection -- 3.3.2 Selection based on homoskedasticity -- 3.3.3 Summary of model selection -- 3.4 Fitting a general model -- 3.5 Simulation of profits -- 3.5.1 Comparison of the additive and the multiplicative models based on simulated profits -- 3.5.2 Comparison with the general model based on simulated profits -- 3.5.3 Comparison of the joint and the sequential optimization based on simulated profits -- 3.5.4 Optimal policy with a limited inventory level -- 4 Analysis of the Generalized Model -- 4.1 Literature review -- 4.2 Model description -- 4.2.1 Failure rate and failure rate ordering -- 4.2.2 Elasticity of expected sales -- 4.3 Non-integrated approach -- 4.3.1 Optimizing order quantity -- 4.3.2 Optimizing price -- 4.4 Integrated approach -- 4.4.1 Optimality conditions -- 4.4.2 Structural properties -- 4.5 Sales elasticity for additive and multiplicative models -- 4.6 Numerical study -- 4.6.1 Monotone variance -- 4.6.2 Non-monotone variance -- 5 Conclusion -- References.
|
| 588 |
|
|
|a Description based on publisher supplied metadata and other sources.
|
| 590 |
|
|
|a Electronic reproduction. Ann Arbor, Michigan : ProQuest Ebook Central, 2023. Available via World Wide Web. Access may be limited to ProQuest Ebook Central affiliated libraries.
|
| 655 |
|
4 |
|a Electronic books.
|
| 776 |
0 |
8 |
|i Print version:
|a Arikan, Emel
|t Single Period Inventory Control and Pricing
|d Frankfurt a.M. : Peter Lang GmbH, Internationaler Verlag der Wissenschaften,c2011
|z 9783631612224
|
| 797 |
2 |
|
|a ProQuest (Firm)
|
| 830 |
|
0 |
|a Forschungsergebnisse der Wirtschaftsuniversitaet Wien Series
|
| 856 |
4 |
0 |
|u https://ebookcentral.proquest.com/lib/matrademy/detail.action?docID=30686049
|z Click to View
|